000 00805cam a2200301 i 4500
001 0000853
003 DO-SdBPM
005 20250521115617.0
007 0000853
008 100514s1994 sp a | |||| 000 f spa
015 _a
017 _a
_b
020 _a8424133927
035 _a
040 _aDO-SdBPM
_bspa
_cBPMSU
_e
080 _a
082 4 _a808.83
_bP657 1994
_222
245 0 0 _aPinocho.
_h
260 _aMadrid, España :
_bEditorial everest,
_c1994
300 _avarias paginaciones . :
_bilustraciones ;
_c26 cm.
490 0 _aNueva antología
590 _aInventariado, 2025/VM
650 4 _a Cuentos infantiles
_vColecciones
_2
650 4 _aLibros ilustrados para niños
710 2 _a Disney
910 _aVMateo V. Control de calidad. BPMSU
942 _2ddc
_cBK
999 _c15070
_d15070